[Event "HCL-C203"]
[Site "www.playchess.de"]
[Date "2001.03.04"]
[Round "2"]
[White "foxzy"]
[Black "flywheel"]
[WhiteElo "768"]
[BlackElo "1211"]
[PlyCount "53"]
[Result "1-0"]

1.d4 d5 2.c4 Bf5 3.Nc3 e6 4.e3 Bb4 5.Bd2 dxc4 
6.Bxc4 Nf6 7.Qa4+ Nc6 {Hello fox, Knew you would 
be around. I hang out alot here too}  8.Bb5 Bxc3 
9.Bxc6+ bxc6 10.Qxc6+ {Very glad to meet you.}  
Nd7 {nice to meet you too, You play a good game.}  
11.Bxc3 {Thanks. I'm a beginner.}  O-O {What do 
you study at Princeton?}  12.Nf3 {I'm visiting 
Dept. of Math.}  Nb6 {I run into alot of people in 
collage from around the world playing chess 
online. It's cool.}  13.O-O Bd3 14.Rfd1 Be2 15.Rd2 
Bxf3 {I work with computers and am trying my hand 
at being a Web Master}  16.Qxf3 {I see.}  Nc4 
17.Rd3 Qd5 18.Qg3 Rab8 {I spend alot of time in 
the Hong Kong chat rooms at china.com}  19.b3 {Oh? 
Can you speak Chinese?}  Na3 {No, the chat room 
has a auto translator in it's programing.}  
20.Qxc7 {I see. Have you ever benn in China?}  Nc2 
{No, but I would love to visit, I like to learn 
about people and places around the world.}  21.Rc1 
{I think that many places in China are beautiful.} 
 Nb4 {The pics I've seen of china, such as the 
great wall, are very beautiful.}  22.Bxb4 {good 
afternoon!}  Rxb4 {Good Morning :)}  23.Rdc3 h5 
24.Qf4 g6 {hello fox just a quick note; got 22 
games going on here and trying to catch up}  
25.Qh6 {Good evening!}  Qa5 {what's up fox, You 
sleep here? :)}  26.R3c8 {It's about 9:00 pm.}  
Qxa2 {You in the U.S.? Plus got me}  27.Rxf8+ 
{Yeah. I'm in Princeton, NJ.}  1-0

[Event "HCL-C203"]
[Site "www.playchess.de"]
[Date "2001.03.04"]
[Round "9"]
[White "yaroslav"]
[Black "foxzy"]
[WhiteElo "1136"]
[BlackElo "768"]
[PlyCount "64"]
[Result "0-1"]

1.e4 e5 2.d4 Nc6 3.dxe5 Nxe5 4.Qd5 d6 5.Nf3 Nf6 
6.Qb3 Nxf3+ 7.gxf3 b6 8.Bg5 Be7 9.Bxf6 Bxf6 10.c3 
Bb7 11.Na3 O-O 12.Qc4 d5 13.exd5 Bxd5 14.Qd3 c6 
15.Rg1 Re8+ 16.Be2 Qd6 17.c4 Bxb2 18.cxd5 Bxa1 
19.Rg3 cxd5 20.Rh3 g6 21.Nb5 Qb4+ 22.Qd2 Qxb5 
23.Kf1 Qb1+ 24.Bd1 Bc3 25.Qxd5 Rad8 26.Qb3 Rxd1+ 
27.Qxd1 Qxd1+ 28.Kg2 Re1 29.Rg3 Rg1+ 30.Kh3 Be5 
31.Rg4 Qxf3+ 32.Rg3 Qh5+ 0-1

[Event "HCL-B208"]
[Site "www.playchess.de"]
[Date "2001.03.04"]
[Round "10"]
[White "patzer"]
[Black "deadeasy"]
[WhiteElo "1250"]
[BlackElo "1929"]
[PlyCount "32"]
[Result "0-1"]

1.e4 Nc6 2.Nf3 f5 3.exf5 d5 4.Be2 Bxf5 5.O-O e5 
6.d3 Be7 7.Nbd2 Nf6 8.b3 O-O 9.Bb2 Qd6 10.h3 Rad8 
11.d4 Nxd4 12.Bxd4 exd4 13.Nxd4 Bd7 14.N2f3 Ne4 
15.Nd2 Nc3 16.Qe1 Bf6 0-1

[Event "ACL-A115"]
[Site "www.playchess.de"]
[Date "2001.03.04"]
[Round "6"]
[White "esad"]
[Black "Alyaspogi"]
[WhiteElo "1388"]
[BlackElo "1500"]
[PlyCount "34"]
[Result "0-1"]

1.e4 e6 {hi how are you?}  2.d4 d5 3.e5 f6 4.Nf3 
Nc6 5.Bf4 fxe5 6.Nxe5 Nf6 7.Bb5 Bd7 8.O-O Nxe5 
9.Bxd7+ Nexd7 10.Re1 Qe7 11.Bxc7 Qf7 12.Re2 Be7 
13.Qe1 O-O 14.Rxe6 Ne4 15.Rxe4 dxe4 16.Qxe4 Qxf2+ 
17.Kh1 Qf1+ 0-1

[Event "HCL-A037"]
[Site "www.playchess.de"]
[Date "2001.03.05"]
[Round "7"]
[White "Mandrake"]
[Black "gallowglass"]
[WhiteElo "1700"]
[BlackElo "2071"]
[PlyCount "63"]
[Result "0-1"]

1.d4 Nf6 2.c4 g6 3.Nc3 Bg7 4.Nf3 O-O 5.e4 d6 6.Be2 
c6 7.O-O e5 8.d5 Qc7 9.Ne1 Nbd7 10.f3 Nh5 11.Nd3 
f5 12.Be3 f4 13.Bf2 g5 14.Kh1 Rf7 15.g4 fxg3 
16.e.p Bxg3 17.Nf8 Rf2 18.Ng6 Kg2 19.Nhf4+ Kh1 
20.h5 Bxf4 21.exf4 Rg2 22.Qe7 c5 23.Bh3 Rg1 24.Rd8 
dxc6 25.bxc6 cxd6 26.Rxd6 Qa4 27.Kh7 Rad1 28.g4 
Nf2 29.Bxc3 Rxd6 30.Qxd6 Nxh3 31.gxh3 Qb3 
32.Qf6 0-1

[Event "HCL-A059"]
[Site "www.playchess.de"]
[Date "2001.03.05"]
[Round "7"]
[White "FrenchKnight"]
[Black "magicbishop"]
[WhiteElo "1758"]
[BlackElo "1800"]
[PlyCount "23"]
[Result "1-0"]

1.d4 Nf6 2.Nc3 d5 3.e4 e6 4.e5 Nfd7 5.Nce2 c5 6.c3 
Nc6 7.f4 Qb6 8.Nf3 cxd4 9.Nexd4 Nc5 10.Nd2 Be7 
11.Qg4 O-O 12.Ne2 1-0

[Event "HCL-B097"]
[Site "www.playchess.de"]
[Date "2001.03.05"]
[Round "7"]
[White "CHARON"]
[Black "maska"]
[WhiteElo "1495"]
[BlackElo "1131"]
[PlyCount "67"]
[Result "1-0"]

1.e4 e6 2.d4 d5 3.Nc3 Nf6 4.e5 Nfd7 5.f4 c5 6.Nf3 
Nc6 7.Be3 f6 8.Bb5 cxd4 9.Bxd4 Bb4 10.Qe2 O-O 
11.Bxc6 bxc6 12.a3 Bc5 13.exf6 Bxd4 14.Nxd4 Qxf6 
15.Nxc6 Nc5 16.Qe3 Nb7 17.O-O Bd7 18.Ne5 Qe7 {Vse 
nejlepsi v novem mileniu preje Pavel}  19.Nxd7 
Qxd7 20.Rae1 d4 21.Qd2 Qd6 22.Nb5 Qb6 23.Nxd4 Rad8 
24.c3 Na5 25.Qe2 Rfe8 26.Rf2 Rxd4 27.cxd4 Qxd4 
28.Qb5 Qd8 29.Re5 {Mam te !}  Qd1+ {jeste se 
pokusim o chaby odpor}  30.Rf1 Qd4+ 31.Kh1 Rf8 
32.Qxa5 Rxf4 33.Rxf4 Qxf4 34.Qe1 1-0

[Event "HCL-B108"]
[Site "www.playchess.de"]
[Date "2001.03.05"]
[Round "1"]
[White "linearmarlin"]
[Black "Arcant"]
[WhiteElo "1400"]
[BlackElo "1500"]
[PlyCount "46"]
[Result "0-1"]

1.e4 d6 2.d4 Nf6 3.Nc3 Nbd7 4.Nf3 e5 5.Bc4 h6 
6.O-O c6 7.a4 a5 8.d5 Be7 9.Re1 Nf8 10.Ba2 g5 
11.h3 Ng6 12.Rb1 g4 13.hxg4 Bxg4 14.Bc4 Nh4 15.Be2 
Nxf3+ 16.Bxf3 h5 17.Qe2 Rg8 18.dxc6 bxc6 19.Bxg4 
Nxg4 20.Rf1 h4 21.f3 Nf6 22.b3 h3 23.g4 
Nh5 0-1

[Event "HCL-B108"]
[Site "www.playchess.de"]
[Date "2001.03.05"]
[Round "4"]
[White "linearmarlin"]
[Black "Ralfs"]
[WhiteElo "1400"]
[BlackElo "1200"]
[PlyCount "42"]
[Result "0-1"]

1.e4 e5 2.f4 Bd6 3.Nf3 Nc6 4.Bc4 Nf6 5.fxe5 Nxe5 
6.Nxe5 Bxe5 7.d4 Nxe4 8.dxe5 Qh4+ 9.g3 Nxg3 
10.hxg3 Qxh1+ 11.Bf1 O-O 12.Nc3 Re8 13.Kf2 Rxe5 
14.Bf4 Qh2+ 15.Bg2 Rf5 16.Nd5 Kf8 17.Qd4 Qh5 
18.Nxc7 Rb8 19.Re1 f6 20.Qd6+ Kf7 21.Qe7+ 
Kg8 0-1

[Event "HCL-B117"]
[Site "www.playchess.de"]
[Date "2001.03.05"]
[Round "1"]
[White "dogman"]
[Black "csadler"]
[WhiteElo "1264"]
[BlackElo "1125"]
[PlyCount "35"]
[Result "1-0"]

1.e4 c6 2.Nf3 d5 3.exd5 cxd5 4.d4 Bg4 5.Be2 Nf6 
6.O-O e6 7.a3 Bd6 8.Nc3 O-O 9.Bg5 Nbd7 10.Nb5 Qb6 
11.Nxd6 Qxd6 12.g3 a6 13.Bf4 Qb6 14.b4 Rac8 15.Rc1 
Nh5 16.Be3 Ndf6 17.Kg2 Ne4 18.Ne5 1-0

[Event "HCL-B117"]
[Site "www.playchess.de"]
[Date "2001.03.05"]
[Round "2"]
[White "lpratt71"]
[Black "dogman"]
[WhiteElo "1078"]
[BlackElo "1264"]
[PlyCount "28"]
[Result "0-1"]

1.e4 e5 2.Nf3 d6 3.d4 Bg4 4.dxe5 dxe5 5.Qxd8+ Kxd8 
6.Nxe5 Be6 7.Nc3 Bb4 8.Bd2 Nf6 9.Be2 Nbd7 10.Nd3 
Bd6 11.O-O {Sorry for the delay}  Kb8 12.Nb5 Nxe4 
13.Be3 Bc4 14.Nxd6 Nxd6 0-1

[Event "HCL-B117"]
[Site "www.playchess.de"]
[Date "2001.03.05"]
[Round "3"]
[White "csadler"]
[Black "lpratt71"]
[WhiteElo "1125"]
[BlackElo "1078"]
[PlyCount "26"]
[Result "0-1"]

1.e4 e5 2.Nf3 Nc6 3.Bc4 Bc5 4.O-O Nf6 5.d3 O-O 
6.Re1 d6 7.h3 Qe8 8.Nc3 Bd7 9.Ng5 Be6 10.Nxe6 fxe6 
11.Nb5 Qd7 12.Bxe6+ Qxe6 {Sorry for the delay}  
13.Nxc7 Bxf2+ 0-1

[Event "HCL-B125"]
[Site "www.playchess.de"]
[Date "2001.03.05"]
[Round "10"]
[White "pird"]
[Black "RogerWillCo"]
[WhiteElo "1486"]
[BlackElo "1500"]
[PlyCount "33"]
[Result "1-0"]

1.e4 c5 2.d4 cxd4 3.c3 dxc3 4.Nxc3 d6 5.Bc4 e6 
6.Nf3 Be7 7.O-O Nf6 8.Qe2 Nbd7 9.Rd1 a6 10.Bf4 b5 
11.Bb3 Qb6 12.Rac1 O-O 13.Rd2 Bb7 14.Rcd1 e5 
15.Bg5 h6 16.Bxf6 Nxf6 17.Nh4 1-0

[Event "HCL-B126"]
[Site "www.playchess.de"]
[Date "2001.03.05"]
[Round "33"]
[White "supadude"]
[Black "plobi"]
[WhiteElo "1200"]
[BlackElo "1087"]
[PlyCount "38"]
[Result "0-1"]

1.e4 e5 2.Nf3 Nc6 3.Bb5 Nf6 4.d3 d5 5.Bxc6+ bxc6 
6.Nbd2 Qe7 7.O-O Qd6 8.Re1 d4 9.Nc4 Qe6 10.Ncxe5 
Bd6 11.Nc4 O-O 12.Nxd6 cxd6 13.Nxd4 Qd7 14.h3 h6 
15.Be3 Kh7 16.Qf3 Bb7 17.Nb3 c5 18.Rad1 Rae8 
19.Na5 Ba6 0-1

[Event "HCL-B131"]
[Site "www.playchess.de"]
[Date "2001.03.05"]
[Round "26"]
[White "PieceSeeker"]
[Black "tuzlak"]
[WhiteElo "1396"]
[BlackElo "700"]
[PlyCount "33"]
[Result "1-0"]

1.e4 e5 2.Nf3 Nc6 3.Bc4 Bc5 4.d4 exd4 5.Ng5 Nh6 
6.Nf3 Ng4 7.h3 Nge5 8.Bb3 O-O 9.Ng5 h6 10.Nf3 d6 
11.O-O b5 12.a4 Rb8 13.Bd5 Nxf3+ 14.Qxf3 Ne5 
15.Qe2 c6 16.Bb3 b4 17.Kh1 1-0

[Event "HCL-B135"]
[Site "www.playchess.de"]
[Date "2001.03.05"]
[Round "13"]
[White "Romulus73"]
[Black "BOB"]
[WhiteElo "1835"]
[BlackElo "1652"]
[PlyCount "51"]
[Result "1-0"]

1.d4 d5 2.Nf3 Nf6 3.c4 c6 4.Nc3 e6 5.cxd5 exd5 
6.Bg5 h6 7.Bh4 Bd6 8.e3 O-O 9.Bd3 Bg4 10.Qc2 Nbd7 
11.Bg3 Bxg3 12.hxg3 Bxf3 13.gxf3 {I think we could 
play on for a while!}  c5 14.dxc5 Nxc5 15.Bf5 d4 
16.O-O-O d3 17.Bxd3 Nxd3+ 18.Rxd3 Qc8 19.Rhd1 Qc6 
20.e4 Rac8 21.e5 Nh7 22.Kb1 Rfe8 23.f4 b5 {are you 
sure??*}  24.Qb3 a6 25.R3d6 Qb7 
26.R6d7 1-0

[Event "HCL-B138"]
[Site "www.playchess.de"]
[Date "2001.03.05"]
[Round "2"]
[White "Eoin"]
[Black "shsh"]
[WhiteElo "1477"]
[BlackElo "1460"]
[PlyCount "35"]
[Result "1/2-1/2"]

1.c4 c5 2.Nc3 Nc6 3.Nf3 Nd4 4.g3 Nxf3+ 5.exf3 b6 
6.Bg2 Bb7 7.O-O Nf6 8.d3 e6 9.Re1 Be7 10.b3 O-O 
11.Bb2 d5 12.Qe2 Re8 13.Rad1 a6 14.f4 Qc7 15.Qd2 
Rad8 16.Qc2 d4 17.Ne4 Bc6 18.a4 1/2-1/2

[Event "HCL-B142"]
[Site "www.playchess.de"]
[Date "2001.03.05"]
[Round "5"]
[White "tuzlak"]
[Black "Jeff_Foster"]
[WhiteElo "700"]
[BlackElo "1272"]
[PlyCount "32"]
[Result "0-1"]

1.e4 e5 2.Nf3 Nc6 3.Bc4 Nf6 4.Ng5 d5 5.exd5 Na5 
6.Bb5+ c6 7.dxc6 bxc6 8.Ba4 h6 9.Nf3 e4 10.Qe2 Be6 
11.Ne5 Rc8 12.d3 Qd4 13.Nc4 Bb4+ 14.Bd2 exd3 
15.cxd3 Nxc4 16.Bxb4 Nxb2 0-1

[Event "HCL-B142"]
[Site "www.playchess.de"]
[Date "2001.03.05"]
[Round "10"]
[White "tuzlak"]
[Black "supercazzola"]
[WhiteElo "700"]
[BlackElo "1500"]
[PlyCount "22"]
[Result "0-1"]

1.e4 c5 2.Nc3 e6 3.Bc4 Nc6 4.Nf3 a6 5.a4 Nf6 6.e5 
Ng4 7.d3 Ngxe5 8.Nxe5 Nxe5 9.Bb3 d5 10.a5 Be7 
11.O-O O-O 0-1

[Event "HCL-B142"]
[Site "www.playchess.de"]
[Date "2001.03.05"]
[Round "29"]
[White "nadavies_uk"]
[Black "Matu"]
[WhiteElo "1355"]
[BlackElo "1513"]
[PlyCount "22"]
[Result "0-1"]

1.e4 c6 2.d4 {hello again!}  d5 3.Nc3 dxe4 {Hello 
again, too!!!}  4.Nxe4 Bf5 5.Bd3 Qxd4 6.Nf3 Qd8 
7.Ne5 Qa5+ 8.c3 Qxe5 9.Qf3 Nf6 10.Bf4 Bxe4 11.Bxe5 
Bxf3 0-1

[Event "HCL-C130"]
[Site "www.playchess.de"]
[Date "2001.03.05"]
[Round "19"]
[White "Stefan"]
[Black "logocom"]
[WhiteElo "1463"]
[BlackElo "1000"]
[PlyCount "38"]
[Result "1-0"]

1.e4 e5 2.Nf3 d6 3.d4 Nc6 4.d5 Nd4 5.Nxd4 exd4 
6.Qxd4 c5 7.dxc6 e.p 8.Qb6 cxb7 9.Bxb7 Qxb6 
10.axb6 Bb5+ 11.Kd8 Nc3 12.d5 exd5 13.Nf6 Bg5 
14.Rc8 O-O 15.Rc5 Rfe1 16.Bd6 b4 17.Rxc3 Rec1 
18.Re8 Bxe8 19.Kxe8 Bd2 1-0

[Event "HCL-C130"]
[Site "www.playchess.de"]
[Date "2001.03.05"]
[Round "32"]
[White "Stefan"]
[Black "donkey"]
[WhiteElo "1463"]
[BlackElo "1134"]
[PlyCount "34"]
[Result "0-1"]

1.e4 c5 2.d4 cxd4 3.c3 dxc3 4.Nxc3 Nc6 5.Bc4 e6 
6.Nf3 Qc7 7.O-O Nf6 8.Bg5 Be7 9.Rc1 O-O 10.Nb5 Qb8 
11.Qe2 a6 12.Nbd4 Nxd4 13.Nxd4 h6 14.Bh4 b5 15.Bb3 
Qb6 16.Rfd1 Bc5 17.Nf3 g5 0-1

[Event "HCL-C134"]
[Site "www.playchess.de"]
[Date "2001.03.05"]
[Round "7"]
[White "donkey"]
[Black "comitnt014"]
[WhiteElo "1134"]
[BlackElo "917"]
[PlyCount "23"]
[Result "1-0"]

1.d4 d5 2.c4 dxc4 3.Nc3 e6 4.e4 Bb4 5.Bxc4 Nf6 
6.e5 Nd5 7.Nge2 c6 8.O-O b5 9.Bb3 Bb7 10.Bd2 Nd7 
11.Bxd5 exd5 12.Nxb5 1-0

[Event "HCL-E007"]
[Site "www.playchess.de"]
[Date "2001.03.05"]
[Round "26"]
[White "ARMAGEDON_8"]
[Black "Bronislaw"]
[WhiteElo "2227"]
[BlackElo "2378"]
[PlyCount "103"]
[Result "1-0"]

1.e4 e5 2.Nf3 Nc6 3.Bc4 Bc5 4.b4 Bxb4 5.c3 Ba5 
6.d4 d6 7.Qb3 Qd7 8.dxe5 dxe5 9.O-O Bb6 10.Rd1 Qe7 
11.a4 a6 12.a5 Bc5 13.Rd5 Bd6 14.Ng5 Nh6 15.Rd1 
O-O 16.h3 Qf6 17.Be3 Rb8 18.Nd2 Bd7 19.Nf1 Ne7 
20.Nf3 Nc6 21.Ng3 Kh8 22.Qa2 Ng8 23.Ng5 Nd8 
24.Rab1 h6 25.Nf3 Bxh3 26.Bxa6 Bc8 27.Bc4 Ra8 
28.a6 bxa6 29.Bd5 c6 30.Bc4 Bg4 31.Rd2 Bxf3 
32.gxf3 Be7 33.Nf5 Qg6+ 34.Kf1 Qh5 35.Ke2 Bg5 
36.Qa5 Re8 37.Nd6 Bxe3 38.fxe3 Rf8 39.Nf5 {I 
cannot accept the draw, I prefer to " suffer " a 
painful defeat than a draw.}  Nf6 {OK}  40.Qxe5 
Re8 41.Qg3 g6 42.Nd6 Nxe4 43.Nxe4 Rxe4 44.Rb8 Rxb8 
45.Qxb8 Rxc4 46.Rxd8+ Kg7 47.Rg8+ Kh7 48.Qf8 Qh2+ 
49.Kd3 Rxc3+ 50.Kxc3 Qe5+ 51.Kc2 Qf6 
52.e4 1-0

[Event "HCL-M002"]
[Site "www.playchess.de"]
[Date "2001.03.05"]
[Round "3"]
[White "varelagm"]
[Black "chesswiz"]
[WhiteElo "2200"]
[BlackElo "2400"]
[PlyCount "71"]
[Result "1-0"]

1.d4 g6 2.c4 Bg7 3.Nc3 Nf6 4.e4 d6 5.f3 O-O 6.Be3 
e5 7.d5 Nh5 8.Qd2 f5 9.O-O-O Nd7 10.Bd3 a5 11.exf5 
gxf5 12.Nge2 Nc5 13.Bc2 b6 14.Ng3 Nf4 15.Rde1 Qh4 
16.Nb5 Na6 17.Nxf5 Bxf5 18.Bxf5 Rxf5 19.g3 Nd3+ 
20.Qxd3 Qf6 21.f4 e4 22.Qb1 Re8 23.Bd4 Qe7 24.Bxg7 
Kxg7 25.Nd4 Rf6 26.Nc6 Qd7 27.Rxe4 Nc5 28.Ree1 
Rff8 29.Qc2 Rxe1+ 30.Rxe1 Re8 31.Qc3+ Kg8 32.Re3 
Kf7 33.Qd2 Qh3 34.Rxe8 Qf1+ 35.Re1 Nd3+ 
36.Kd1 1-0

[Event "HCL-M008"]
[Site "www.playchess.de"]
[Date "2001.03.05"]
[Round "12"]
[White "ARMAGEDON_8"]
[Black "susygusy"]
[WhiteElo "2263"]
[BlackElo "2200"]
[PlyCount "56"]
[Result "1/2-1/2"]

1.e4 e5 2.Nf3 Nc6 3.Bc4 d6 4.d4 exd4 5.Nxd4 Nf6 
6.Nxc6 bxc6 7.Nc3 Be7 8.O-O O-O 9.Be3 Ng4 10.Qe2 
Nxe3 11.Qxe3 Bf6 12.f4 Re8 13.e5 Bf5 14.Rad1 Qc8 
15.Ne4 Be7 16.Ng3 Bxc2 17.Rd2 Ba4 18.e6 d5 
19.exf7+ Kxf7 20.Qd4 Qd7 21.Be2 Bb5 22.Bxb5 cxb5 
23.Qxd5+ Qxd5 24.Rxd5 c6 25.Rd7 Red8 26.Rc7 Rdc8 
27.Rd7 {I CAN NOT SEE A WIN FOR BOTH OF US.}  Rcd8 
28.Rc7 Rdc8 1/2-1/2

[Event "ACL-A064"]
[Site "www.playchess.de"]
[Date "2001.03.05"]
[Round "9"]
[White "El_Sucio"]
[Black "Gandalf_9417"]
[WhiteElo "1500"]
[BlackElo "1500"]
[PlyCount "40"]
[Result "0-1"]

1.d4 d5 2.c4 c6 3.Nf3 Nf6 4.Nc3 e6 5.Bg5 h6 6.Bxf6 
Qxf6 7.e3 Nd7 8.Bd3 dxc4 9.Bxc4 g6 10.Rc1 Bg7 
11.Bd3 O-O 12.O-O e5 13.dxe5 Nxe5 14.Nxe5 Qxe5 
15.Qc2 Be6 16.Rfd1 Rfe8 17.Ne2 Qxb2 18.Qxb2 Bxb2 
19.Rcb1 Be5 20.Rxb7 Bxa2 0-1

[Event "ACL-A067"]
[Site "www.playchess.de"]
[Date "2001.03.05"]
[Round "21"]
[White "Deppenhaufen"]
[Black "traga"]
[WhiteElo "1500"]
[BlackElo "1794"]
[PlyCount "93"]
[Result "1-0"]

1.e4 e5 2.Nf3 Nf6 3.Nxe5 Qe7 4.d4 d6 5.Nf3 Nxe4 
6.Be2 Bg4 7.O-O Nd7 8.Re1 d5 9.Ng5 Bxe2 10.Rxe2 
O-O-O 11.f3 Nxg5 12.Rxe7 Bxe7 13.Nc3 c6 14.b4 Ne6 
15.b5 Bf6 16.Be3 Nb8 17.Rb1 h6 18.Ne2 Rhe8 19.Qd3 
Rd7 20.c4 Nc7 21.bxc6 Nxc6 22.Bf2 g6 23.a3 Bg7 
24.Rb2 dxc4 25.Qxc4 f5 26.Rc2 Nd5 27.a4 Bf6 28.Qb5 
Nc7 29.Qc5 Bg7 30.h3 Rd5 31.Qc4 Rd7 32.Rd2 Na5 
33.Qa2 Nd5 34.Qa3 Nc6 35.a5 {langsam muss ich mal 
was tun, sonst hüpfen wir ja nur hin und her.}  a6 
{mir fallt aber nix ein momentan!}  36.Nc1 {ich 
hab auch keinen rechten plan mehr.}  b6 {machen 
wir remis?}  37.axb6 {nach deinem letzten zug 
möchte ich es schon noch weiter probieren.}  Kb7 
{ok}  38.Nd3 Bf8 39.Nc5+ Bxc5 40.dxc5 g5 41.Qd3 
Nf6 42.Qc2 Rxd2 43.Qxd2 Rd8 44.Qc3 Rd1+ 45.Kh2 Nd7 
46.Qb3 Rc1 47.Qd3 1-0

[Event "HCL-A066"]
[Site "www.playchess.de"]
[Date "2001.03.05"]
[Round "3"]
[White "pawformation"]
[Black "sazex"]
[WhiteElo "1700"]
[BlackElo "1830"]
[PlyCount "48"]
[Result "1/2-1/2"]

1.e4 e5 2.Nf3 Nc6 3.Bc4 Bc5 4.c3 Nf6 5.d4 exd4 
6.cxd4 Bb4+ 7.Bd2 Nxe4 8.Bxb4 Nxb4 9.Bxf7+ Kxf7 
10.Qb3+ d5 11.Qxb4 Re8 12.Ne5+ Kg8 13.O-O c5 
14.Qa4 Bf5 15.Nc3 a6 16.Nxe4 Bxe4 17.f3 Bf5 18.g4 
b5 19.Qd1 cxd4 20.Qxd4 Qf6 21.Rae1 Be6 22.Nc6 
Qxd4+ 23.Nxd4 Bd7 24.Rxe8+ Rxe8 1/2-1/2

[Event "HCL-A068"]
[Site "www.playchess.de"]
[Date "2001.03.05"]
[Round "1"]
[White "paule"]
[Black "raghavendrakarthik"]
[WhiteElo "1910"]
[BlackElo "1585"]
[PlyCount "25"]
[Result "1-0"]

1.e4 e5 2.Nf3 Nc6 3.Bb5 Nf6 4.O-O Nxe4 5.d4 Nd6 
6.Bxc6 dxc6 7.dxe5 Nf5 8.Qxd8+ Kxd8 9.Nc3 Be6 
10.Ng5 Bb4 11.Nxe6+ fxe6 12.Ne4 Ke8 
13.Rd1 1-0

[Event "HCL-A068"]
[Site "www.playchess.de"]
[Date "2001.03.05"]
[Round "5"]
[White "teenspirit"]
[Black "raghavendrakarthik"]
[WhiteElo "1760"]
[BlackElo "1585"]
[PlyCount "21"]
[Result "1-0"]

1.d4 Nf6 2.Nc3 d5 3.Bg5 Nbd7 4.Nf3 e6 5.e4 h6 
6.Bxf6 Qxf6 7.exd5 exd5 8.Nxd5 Qe6+ 9.Qe2 Qxe2+ 
10.Bxe2 Bd6 11.O-O-O 1-0

[Event "HCL-C156"]
[Site "www.playchess.de"]
[Date "2001.03.05"]
[Round "20"]
[White "exoticorn"]
[Black "surak"]
[WhiteElo "1157"]
[BlackElo "1243"]
[PlyCount "48"]
[Result "0-1"]

1.Nc3 e5 2.e4 Nf6 3.Bc4 Bc5 4.Nf3 d6 5.d3 Bg4 
6.Bg5 Nbd7 7.h3 Bh5 8.g4 Bg6 9.Qd2 h6 10.Bh4 c6 
11.Na4 O-O 12.Nxc5 Nxc5 13.a3 b5 14.Ba2 Na4 
15.O-O-O a5 16.g5 hxg5 17.Bxg5 d5 18.Nxe5 Qd6 
19.Nxg6 fxg6 20.exd5 cxd5 21.Rde1 b4 22.axb4 axb4 
23.Bb3 Nc5 24.Qxb4 Nxd3+ 0-1

[Event "HCL-A068"]
[Site "www.playchess.de"]
[Date "2001.03.05"]
[Round "8"]
[White "raghavendrakarthik"]
[Black "peze"]
[WhiteElo "1585"]
[BlackElo "1939"]
[PlyCount "26"]
[Result "0-1"]

1.Nf3 Nf6 2.d4 g6 3.Bg5 Bg7 4.e3 O-O 5.Bd3 d5 6.h3 
c5 7.c3 c4 8.Bc2 Nbd7 9.Nbd2 h6 10.Bh4 a5 11.g4 b5 
12.b3 b4 13.cxb4 c3 0-1

[Event "HCL-A069"]
[Site "www.playchess.de"]
[Date "2001.03.05"]
[Round "7"]
[White "kondor"]
[Black "raghavendrakarthik"]
[WhiteElo "1622"]
[BlackElo "1585"]
[PlyCount "21"]
[Result "1-0"]

1.d4 d5 2.Bf4 Nf6 3.Nc3 a6 4.e3 Nc6 5.a3 e6 6.Bd3 
Bd6 7.Bg3 Bxg3 8.hxg3 Qd6 9.Nf3 Bd7 10.Qd2 e5 
11.dxe5 1-0

[Event "HCL-B150"]
[Site "www.playchess.de"]
[Date "2001.03.05"]
[Round "12"]
[White "Lostknights"]
[Black "Nils"]
[WhiteElo "1200"]
[BlackElo "1707"]
[PlyCount "40"]
[Result "0-1"]

1.c4 {Good Luck!}  e5 {Good Luck!}  2.g3 Nc6 3.Bg2 
Bc5 4.e3 Nge7 5.Ne2 d5 6.cxd5 Nxd5 7.O-O O-O 8.d4 
exd4 9.exd4 Bb6 10.Nbc3 Be6 11.Nf4 Nxf4 12.Bxf4 
Bxd4 13.Qc2 Qf6 14.Ne4 Qg6 15.Bxc7 Rfe8 16.Rfe1 
Bf5 17.Rab1 Re7 18.Bd6 Re6 19.Bf4 Rae8 20.Re2 
Bxe4 0-1

[Event "HCL-B150"]
[Site "www.playchess.de"]
[Date "2001.03.05"]
[Round "14"]
[White "Lostknights"]
[Black "victor"]
[WhiteElo "1200"]
[BlackElo "1200"]
[PlyCount "44"]
[Result "0-1"]

1.c4 {Good Luck!!}  e6 {Live long and prosper!}  
2.g3 Nf6 3.Bg2 d5 4.Nf3 b6 5.O-O Bb7 6.Nc3 Bb4 
7.Qa4+ Nc6 8.Ne5 Bxc3 9.Nxc6 Qd7 10.bxc3 Bxc6 
11.Qb4 a5 12.Qb2 dxc4 13.Bxc6 Qxc6 14.d3 cxd3 
15.exd3 O-O 16.Bg5 Nd5 17.c4 Nb4 18.Rfd1 f6 19.Be3 
Rad8 20.Qb3 Qd6 21.d4 f5 22.c5 
Qd5 0-1

[Event "HCL-C158"]
[Site "www.playchess.de"]
[Date "2001.03.05"]
[Round "2"]
[White "Elrond"]
[Black "arsenic"]
[WhiteElo "1000"]
[BlackElo "1248"]
[PlyCount "51"]
[Result "1-0"]

1.e4 e6 2.d4 d5 3.e5 c5 4.c3 Qb6 5.Nf3 Bd7 6.Be2 
Bb5 7.O-O Bxe2 8.Qxe2 Qa6 9.Qc2 Nd7 10.Be3 b6 
11.a3 Ne7 12.Nbd2 Nf5 13.Rfe1 Nxe3 14.fxe3 cxd4 
15.exd4 Be7 16.h4 O-O 17.Ng5 Bxg5 18.hxg5 f6 
19.exf6 gxf6 20.g6 f5 21.gxh7+ Kh8 22.Rxe6 Qc8 
23.Rae1 Kxh7 24.Nf3 Qd8 25.Qd2 Rg8 
26.Qh6+ 1-0

[Event "HCL-C160"]
[Site "www.playchess.de"]
[Date "2001.03.05"]
[Round "2"]
[White "arsenic"]
[Black "Trickster"]
[WhiteElo "1248"]
[BlackElo "889"]
[PlyCount "23"]
[Result "1-0"]

1.e4 e5 2.Nf3 f6 3.Nxe5 fxe5 4.Qh5+ g6 5.Qxe5+ Qe7 
6.Qxh8 Nf6 7.d3 d6 8.Bg5 Nbd7 9.Bh6 Qf7 10.Nc3 Ng4 
11.Be3 Ke7 12.Nd5+ 1-0

[Event "HCL-B153"]
[Site "www.playchess.de"]
[Date "2001.03.05"]
[Round "20"]
[White "class58"]
[Black "sarek"]
[WhiteElo "1763"]
[BlackElo "1086"]
[PlyCount "55"]
[Result "1-0"]

1.e4 e6 2.f4 d5 3.d3 c5 4.e5 Nc6 5.Nc3 Nh6 6.Nf3 
Nf5 7.g3 Bd7 8.g4 Nh4 9.g5 Nxf3+ 10.Qxf3 Nd4 
11.Qf2 Qb6 12.Bg2 Be7 13.b3 O-O 14.Bb2 Nf5 
15.O-O-O a5 16.a4 Qc7 17.h4 h5 18.gxh6 Nxh6 
19.Rdg1 d4 20.Ne4 b5 21.Nf6+ Bxf6 22.exf6 g6 
23.Bxa8 Rxa8 24.h5 Be8 25.hxg6 fxg6 26.Rxh6 Bf7 
27.Qh4 Kf8 28.Rh8+ 1-0

[Event "HCL-E023"]
[Site "www.playchess.de"]
[Date "2001.03.05"]
[Round "4"]
[White "houtduwer"]
[Black "NOHAU"]
[WhiteElo "1987"]
[BlackElo "2248"]
[PlyCount "46"]
[Result "0-1"]

1.e4 e5 2.Nf3 Nf6 3.Nxe5 d6 4.Nxf7 Kxf7 5.d4 c6 
6.Nc3 g6 7.Bd3 Bg7 8.O-O Re8 9.Bf4 Kg8 10.h4 Nh5 
11.Bg5 Qb6 12.g4 Nf6 13.Bc4+ Kh8 14.f3 Qxb2 15.Qd3 
Qb6 16.Rab1 Qc7 17.Ne2 d5 18.Bb3 dxe4 19.fxe4 Nxg4 
20.Nf4 c5 21.d5 Qd6 22.Rbe1 Bd7 23.Qe2 
h6 0-1

[Event "HCL-A072"]
[Site "www.playchess.de"]
[Date "2001.03.05"]
[Round "23"]
[White "Flemming"]
[Black "Dany"]
[WhiteElo "1350"]
[BlackElo "1437"]
[PlyCount "47"]
[Result "1/2-1/2"]

1.d4 {Hi Dany! Is this your debut?}  c6 {Hi!no i'm 
chessman of tournament and the chess of 
e-mail!godd luck!:)}  2.c4 {All Right! Nice 
picture btw. I was in Olivetti for 5 years but now 
I work in Nokia. Good Luck.}  d5 {Oh!my personal 
telephone is nokia5110...good luck!...:)}  3.cxd5 
cxd5 4.Nf3 Bf5 5.Nc3 e6 6.e4 dxe4 7.Ne5 Bb4 8.Qa4+ 
Nc6 9.Bb5 Bxc3+ 10.bxc3 Nge7 11.Nxc6 Nxc6 12.Bxc6+ 
bxc6 13.Qxc6+ Ke7 14.Qc5+ Qd6 15.Ba3 Qxc5 16.Bxc5+ 
Kd7 17.Ke2 Rhc8 18.Rab1 Rc7 19.Rb3 e5 20.Rd1 Bg4+ 
21.f3 exf3+ 22.gxf3 Be6 23.Rb2 e4 
24.Rg1 1/2-1/2

[Event "ACL-A091"]
[Site "www.playchess.de"]
[Date "2001.03.05"]
[Round "2"]
[White "yaroslav"]
[Black "peze2"]
[WhiteElo "1500"]
[BlackElo "2012"]
[PlyCount "64"]
[Result "0-1"]

1.f4 d5 2.Nf3 g6 3.e3 Bg7 4.c3 Nf6 5.Ne5 O-O 6.Be2 
c6 7.h3 Ne4 8.O-O Ng3 9.Rf3 {good luck}  Nxe2+ 
10.Qxe2 f6 11.Nd3 e5 12.fxe5 fxe5 13.b3 Rxf3 
14.Qxf3 e4 15.Qe2 exd3 16.Qxd3 Qg5 17.Ba3 Bxh3 
18.Qe2 Bf5 19.Qf3 Be4 20.Qf2 Qg4 21.c4 Qd1+ 22.Qf1 
Qxf1+ 23.Kxf1 Bxa1 24.Ke2 Bxb1 25.cxd5 cxd5 26.d4 
Bxa2 27.b4 Nd7 28.Kd3 Rf8 29.b5 Bc4+ 30.Kc2 Rf2+ 
31.Kd1 Bc3 32.Bc1 Bb3+ 0-1